[Event "Hamburg HSK Christmas op 4th"]
[Site "Hamburg"]
[Date "2018.12.29"]
[Round "5"]
[White "Krueger, Dietrich"]
[Black "Mueller, Marvin"]
[Result "0-1"]
[WhiteElo "1262"]
[BlackElo "1586"]
[PlyCount "68"]
[EventDate "2018.12.27"]
[EventType "swiss"]
[EventRounds "7"]
[EventCountry "GER"]
[SourceTitle "CBM 188 Extra"]
[Source "ChessBase"]
[SourceDate "2019.02.26"]
[SourceVersion "1"]
[SourceVersionDate "2019.02.26"]
[SourceQuality "1"]

1. d4 Nf6 2. Bf4 b6 3. e3 Bb7 4. f3 e6 5. Bb5 a6 6. Ba4 b5 7. Bb3 d5 8. Ne2 c5 9. a3 Nc6 10. 0-0 Bd6 11. dxc5 Bxc5 12. Qd2 0-0 13. Nbc3 Qb6 14. Bg5 Rac8 15. Kh1 Nd7 16. Rae1 Nde5 17. Ng3 Na5 18. Ba2 Nac4 19. Qc1 a5 20. b3 Bxa3 21. bxc4 Bxc1 22. Rxc1 Nxc4 23. Rb1 b4 24. Nce2 Nd2 25. Nd4 f6 26. Bh4 g5 27. Nxe6 Qxe6 28. e4 gxh4 29. Nf5 Kh8 30. Rfd1 Nxb1 31. Bxb1 dxe4 32. Nxh4 exf3 33. gxf3 Qe3 34. Rg1 Bxf3+ 0-1

[Event "Hamburg HSK Christmas op 4th"]
[Site "Hamburg"]
[Date "2018.12.27"]
[Round "1"]
[White "Mueller, Marvin"]
[Black "Szobries, Torsten"]
[Result "0-1"]
[WhiteElo "1586"]
[BlackElo "2032"]
[PlyCount "54"]
[EventDate "2018.12.27"]
[EventType "swiss"]
[EventRounds "7"]
[EventCountry "GER"]
[SourceTitle "CBM 188 Extra"]
[Source "ChessBase"]
[SourceDate "2019.02.26"]
[SourceVersion "1"]
[SourceVersionDate "2019.02.26"]
[SourceQuality "1"]

1. e4 e6 2. d4 d5 3. Nc3 Nc6 4. e5 Nge7 5. f4 Nf5 6. Nf3 b6 7. Qd2 Nh4 8. Nxh4 Qxh4+ 9. g3 Qd8 10. Bg2 g6 11. Qf2 h5 12. h3 Be7 13. Be3 Bb7 14. 0-0-0 Qd7 15. Rdf1 0-0-0 16. g4 hxg4 17. hxg4 Na5 18. f5 gxf5 19. gxf5 Nc4 20. Bh3 Kb8 21. Bf4 Rdg8 22. Rh2 Bc8 23. fxe6 fxe6 24. Rg2 Rf8 25. Qg3 Qe8 26. Rgf2 Bh4 27. Bh6 Rxf2 0-1

[Event "GER-chT U14"]
[Site "Verden an der Aller"]
[Date "2017.12.30"]
[Round "7.4"]
[White "Mueller, Marvin"]
[Black "Beer, Ludwig"]
[Result "0-1"]
[WhiteElo "1645"]
[BlackElo "1553"]
[PlyCount "100"]
[EventDate "2017.12.26"]
[EventType "team-swiss"]
[EventRounds "7"]
[EventCountry "GER"]
[SourceTitle "CBM 182 Extra"]
[Source "ChessBase"]
[SourceDate "2018.02.23"]
[SourceVersion "1"]
[SourceVersionDate "2018.02.23"]
[SourceQuality "1"]
[WhiteTeam "Hamburger SK"]
[BlackTeam "Berlin Empor"]
[WhiteTeamCountry "GER"]
[BlackTeamCountry "GER"]

1. e4 c5 2. Nf3 d6 3. d4 cxd4 4. Nxd4 Nf6 5. Nc3 g6 6. Be3 Bg7 7. f3 0-0 8. Qd2 Nc6 9. 0-0-0 Bd7 10. g4 Ne5 11. h4 h5 12. Be2 Rc8 13. Rdg1 Nc4 14. Bxc4 Rxc4 15. Bh6 Rxd4 16. Qxd4 Bxh6+ 17. g5 Bg7 18. gxf6 Bxf6 19. Qd2 Kh7 20. Nd5 Bg7 21. Kb1 e6 22. Nf4 Qb6 23. c3 Bh6 24. e5 Rd8 25. Qh2 dxe5 26. Nh3 Ba4 27. Ng5+ Bxg5 28. Rxg5 Qe3 29. b3 Bc6 30. Qxe5 Qxf3 31. Re1 Rd5 32. Qg3 Rxg5 33. Qxf3 Bxf3 34. hxg5 Bg4 35. Rf1 Bf5+ 36. Kc1 Kg7 37. Rd1 e5 38. Rd5 f6 39. Kd2 h4 40. gxf6+ Kxf6 41. Ke3 g5 42. Rd1 g4 43. Rg1 Kg5 44. Kf2 g3+ 45. Kg2 Kg4 46. Re1 e4 47. Rf1 h3+ 48. Kg1 e3 49. Re1 h2+ 50. Kf1 h1Q+ 0-1

[Event "GER-chT U12"]
[Site "Magdeburg"]
[Date "2015.12.29"]
[Round "6.2"]
[White "Wu, Luka"]
[Black "Mueller, Marvin"]
[Result "1-0"]
[WhiteElo "1614"]
[BlackElo "1536"]
[PlyCount "75"]
[EventDate "2015.12.27"]
[EventType "team-swiss"]
[EventRounds "7"]
[EventCountry "GER"]
[SourceTitle "EXT 2017"]
[Source "ChessBase"]
[SourceDate "2016.10.25"]
[SourceVersion "1"]
[SourceVersionDate "2016.10.25"]
[SourceQuality "1"]
[WhiteTeam "Mannheim Lindenhof"]
[BlackTeam "Hamburger SK"]
[WhiteTeamCountry "GER"]
[BlackTeamCountry "GER"]

1. e4 e5 2. Nf3 Nf6 3. Nxe5 d6 4. Nf3 Nxe4 5. d4 d5 6. Bd3 Nf6 7. Nc3 Nc6 8. h3 Bd6 9. 0-0 0-0 10. Bg5 Be6 11. Nh2 h6 12. Be3 Qd7 13. f4 Ne7 14. Nf3 Nf5 15. Bxf5 Bxf5 16. Ne5 Qe6 17. Bd2 c6 18. Re1 Qc8 19. Ne2 Re8 20. Ng3 Be6 21. Qf3 c5 22. c3 Qc7 23. Be3 c4 24. Nh5 Bxe5 25. fxe5 Ne4 26. Ng3 Ng5 27. Bxg5 hxg5 28. Nf5 Bxf5 29. Qxf5 Qe7 30. Rf1 Rf8 31. Rf2 Rac8 32. Raf1 b5 33. Qf3 Rcd8 34. Qh5 Rc8 35. h4 gxh4 36. Rf4 Rc6 37. Rg4 Rh6 38. Qxh6 1-0

[Event "GER-chT North U14"]
[Site "Magdeburg"]
[Date "2014.09.12"]
[Round "4.3"]
[White "Bobenko, Konstantin"]
[Black "Mueller, Marvin"]
[Result "1/2-1/2"]
[WhiteElo "1338"]
[BlackElo "1289"]
[PlyCount "81"]
[EventDate "2014.09.11"]
[EventType "team-swiss"]
[EventRounds "7"]
[EventCountry "GER"]
[SourceTitle "EXT 2016"]
[Source "ChessBase"]
[SourceDate "2015.10.08"]
[SourceVersion "1"]
[SourceVersionDate "2015.10.08"]
[SourceQuality "1"]
[WhiteTeam "Potsdam Empor"]
[BlackTeam "Hamburg"]
[WhiteTeamCountry "GER"]
[BlackTeamCountry "GER"]

1. b4 d5 2. Bb2 Nd7 3. e3 Ngf6 4. c4 e6 5. a3 c6 6. Nc3 Be7 7. Nf3 b6 8. cxd5 cxd5 9. Bb5 a6 10. Bc6 Ra7 11. Ba4 b5 12. Bc2 h6 13. Nd4 Rc7 14. 0-0 Nb6 15. d3 e5 16. Nf3 Bd6 17. Ne2 Qe7 18. Ng3 e4 19. dxe4 Bxg3 20. hxg3 dxe4 21. Nd2 Rd7 22. Qc1 Bb7 23. Bd4 Nc4 24. Nxc4 bxc4 25. Ba4 Bd5 26. Bxf6 gxf6 27. Bxd7+ Kxd7 28. Rd1 Ke6 29. Qd2 Rd8 30. Qd4 Rd6 31. Qc5 Rd7 32. Qxe7+ Rxe7 33. Rd4 c3 34. Rad1 Rd7 35. Rc1 Rc7 36. Kf1 Bc4+ 37. Ke1 Bd3 38. f3 f5 39. g4 Ke5 40. gxf5 Kxf5 41. fxe4+ 1/2-1/2

[Event "GER-ch U10"]
[Site "Oberhof"]
[Date "2013.05.21"]
[Round "5"]
[White "Koll, Linus"]
[Black "Mueller, Marvin"]
[Result "1-0"]
[WhiteElo "1208"]
[BlackElo "774"]
[PlyCount "147"]
[EventDate "2013.05.19"]
[EventType "swiss"]
[EventRounds "11"]
[EventCountry "GER"]
[SourceTitle "CBM 154 Extra"]
[Source "ChessBase"]
[SourceDate "2013.06.25"]
[SourceVersion "2"]
[SourceVersionDate "2013.06.25"]
[SourceQuality "1"]

1. e4 e5 2. Nf3 Nf6 3. Nc3 Bc5 4. h3 Nc6 5. Bb5 d6 6. Bxc6+ bxc6 7. a3 Be6 8. d3 h6 9. Be3 0-0 10. 0-0 Re8 11. Qd2 Bb6 12. Nh2 Rb8 13. b4 a6 14. Ne2 Qd7 15. Ng3 d5 16. exd5 cxd5 17. Bxb6 cxb6 18. f4 e4 19. f5 Bxf5 20. Nxf5 b5 21. dxe4 dxe4 22. Qxd7 Nxd7 23. Rad1 Rbd8 24. Rde1 Nb6 25. Ng3 e3 26. Rf3 Nc4 27. Nhf1 Nd2 28. Rfxe3 Rxe3 29. Rxe3 Nc4 30. Rc3 Ra8 31. Ne3 Nd2 32. Kh1 Nb3 33. Kh2 Nc1 34. Kg1 Na2 35. Rb3 a5 36. bxa5 Rxa5 37. Ne2 g5 38. Nd5 b4 39. Nxb4 Nxb4 40. axb4 Rb5 41. c4 Rb8 42. b5 Kf8 43. c5 Ke8 44. Nd4 Kd7 45. b6 f6 46. c6+ Kd6 47. c7 Rc8 48. b7 Kxc7 49. bxc8Q+ Kxc8 50. Ra3 Kd7 51. Ra6 Ke7 52. Nf5+ Kf7 53. Nxh6+ Kg6 54. Ng4 Kf5 55. Rxf6+ Ke4 56. g3 Kd4 57. Rf3 Ke4 58. Kf2 Kd4 59. Ke2 Ke4 60. Re3+ Kd4 61. Kd2 Kd5 62. Kd3 Kc5 63. Re5+ Kd6 64. Kc4 Kc6 65. Re6+ Kd7 66. Kd5 Kc7 67. Rh6 Kb7 68. Kc5 Kc7 69. Rh7+ Kd8 70. Kd6 Ke8 71. Ra7 Kf8 72. Ke6 Kg8 73. Kf6 Kh8 74. Kg6 1-0

[Event "GER-ch U10"]
[Site "Oberhof"]
[Date "2013.05.19"]
[Round "1"]
[White "Hommel, Niclas"]
[Black "Mueller, Marvin"]
[Result "1-0"]
[WhiteElo "1197"]
[BlackElo "774"]
[PlyCount "87"]
[EventDate "2013.05.19"]
[EventType "swiss"]
[EventRounds "11"]
[EventCountry "GER"]
[SourceTitle "CBM 154 Extra"]
[Source "ChessBase"]
[SourceDate "2013.06.25"]
[SourceVersion "2"]
[SourceVersionDate "2013.06.25"]
[SourceQuality "1"]

1. e4 e5 2. Nf3 Nf6 3. Nxe5 d6 4. Nf3 Nxe4 5. d3 Nf6 6. Be2 Nc6 7. Nc3 Be7 8. Be3 d5 9. d4 Bd7 10. 0-0 0-0 11. Bg5 b6 12. Bxf6 Bxf6 13. Nxd5 Bg4 14. Nxf6+ Qxf6 15. c3 Rfe8 16. h3 Bh5 17. Qd3 Bg6 18. Qd2 Rad8 19. Bb5 Re7 20. Bxc6 Qxc6 21. Rfe1 Red7 22. Ne5 Qd6 23. Nxd7 Qxd7 24. Qe3 h6 25. Qe7 Qxe7 26. Rxe7 Rc8 27. Rae1 f6 28. Kh2 a5 29. Kg3 c6 30. Rb7 b5 31. Ree7 Kf8 32. Rxg7 Bh5 33. Rh7 Kg8 34. Rxh6 Bf7 35. a3 a4 36. Rxf6 Be8 37. Rh6 Bf7 38. Rh4 Rd8 39. Rg4+ Kf8 40. Rf4 Ke8 41. Rfxf7 Rd6 42. Rh7 Rg6+ 43. Kh4 Rf6 44. Rb8# 1-0